<?xml version="1.0" encoding="UTF-8"?><?xml-stylesheet type="text/xsl" href="static/style.xsl"?><OAI-PMH xmlns="http://www.openarchives.org/OAI/2.0/" xmlns:xsi="http://www.w3.org/2001/XMLSchema-instance" xsi:schemaLocation="http://www.openarchives.org/OAI/2.0/ http://www.openarchives.org/OAI/2.0/OAI-PMH.xsd"><responseDate>2026-04-17T16:11:06Z</responseDate><request verb="GetRecord" identifier="oai:www.recercat.cat:20.500.12327/2058" metadataPrefix="marc">https://recercat.cat/oai/request</request><GetRecord><record><header><identifier>oai:recercat.cat:20.500.12327/2058</identifier><datestamp>2025-10-22T11:04:04Z</datestamp><setSpec>com_2072_4428</setSpec><setSpec>com_2072_4427</setSpec><setSpec>col_2072_487898</setSpec></header><metadata><record xmlns="http://www.loc.gov/MARC21/slim" xmlns:dcterms="http://purl.org/dc/terms/" xmlns:xsi="http://www.w3.org/2001/XMLSchema-instance" xmlns:doc="http://www.lyncode.com/xoai" xsi:schemaLocation="http://www.loc.gov/MARC21/slim http://www.loc.gov/standards/marcxml/schema/MARC21slim.xsd">
   <leader>00925njm 22002777a 4500</leader>
   <datafield ind2=" " ind1=" " tag="042">
      <subfield code="a">dc</subfield>
   </datafield>
   <datafield ind2=" " ind1=" " tag="720">
      <subfield code="a">Herrera, M.</subfield>
      <subfield code="e">author</subfield>
   </datafield>
   <datafield ind2=" " ind1=" " tag="720">
      <subfield code="a">Costas, B.</subfield>
      <subfield code="e">author</subfield>
   </datafield>
   <datafield ind2=" " ind1=" " tag="720">
      <subfield code="a">Gisbert, Enric</subfield>
      <subfield code="e">author</subfield>
   </datafield>
   <datafield ind2=" " ind1=" " tag="260">
      <subfield code="c">2022-11-25</subfield>
   </datafield>
   <datafield ind2=" " ind1=" " tag="520">
      <subfield code="a">Since animal welfare is a multidisciplinary scientific discipline, the papers published in this special issue are based on diverse subjects, such as feeding and nutrition, behavior, immunology, reproduction, pathology, endocrinology, and neuroendocrinology. The studies targeting fish species have been the most frequent, being salmonids the main group. Nevertheless, only one out of the thirteen published articles deals with an invertebrate species, the lobster (Homarus americanus), which highlights the recent interest for crustaceans’ welfare. The results derived from these works state objectively the importance of animal welfare in both physiological and behavioral traits and responses, as well as in zootechnical parameters of interest for farmers.</subfield>
   </datafield>
   <datafield ind1="8" ind2=" " tag="024">
      <subfield code="a">Herrera, M., B. Costas, and E. Gisbert. 2022. "Editorial: Animal Welfare, Volume I: Animal Welfare In Aquaculture - Physiological Basis And Recent Findings". Frontiers In Physiology 13. doi:10.3389/fphys.2022.1097913.</subfield>
   </datafield>
   <datafield ind1="8" ind2=" " tag="024">
      <subfield code="a">1664-042X</subfield>
   </datafield>
   <datafield ind1="8" ind2=" " tag="024">
      <subfield code="a">http://hdl.handle.net/20.500.12327/2058</subfield>
   </datafield>
   <datafield ind1="8" ind2=" " tag="024">
      <subfield code="a">https://doi.org/10.3389/fphys.2022.1097913</subfield>
   </datafield>
   <datafield ind2="0" ind1="0" tag="245">
      <subfield code="a">Editorial: Animal welfare, Volume I: Animal welfare in aquaculture - Physiological basis and recent findings</subfield>
   </datafield>
</record></metadata></record></GetRecord></OAI-PMH>